Civil major acts /
Saved in:
| Corporate Author: | |
|---|---|
| Other Authors: | |
| Format: | Book |
| Language: | English |
| Published: |
Lahore :
Nadeem Law Book House,
2006.
|
| Edition: | 5th rev. ed. |
| Subjects: | |
| Tags: |
Add Tag
No Tags, Be the first to tag this record!
|
| LEADER | 00781cam a2200277 a 4500 | ||
|---|---|---|---|
| 001 | 010242560-4 | ||
| 005 | 20070322110433.0 | ||
| 008 | 060502s2006 pk k bl 000 0 eng | ||
| 010 | |a 2006334413 | ||
| 025 | |a P-E-2006334413 ; 48 | ||
| 035 | 0 | |a ocm70054515 | |
| 040 | |a DLC |c DLC | ||
| 043 | |a a-pk--- | ||
| 050 | 0 | 0 | |a KPL479 |b .A28 2006 |
| 110 | 1 | |a Pakistan. | |
| 245 | 1 | 0 | |a Civil major acts / |c by Zia-ul-Islam Junjua. |
| 250 | |a 5th rev. ed. | ||
| 260 | |a Lahore : |b Nadeem Law Book House, |c 2006. | ||
| 300 | |a 1552 p. : |b forms ; |c 24 cm. | ||
| 504 | |a Includes bibliographical references. | ||
| 650 | 0 | |a Civil law |z Pakistan. | |
| 650 | 0 | |a Civil procedure |z Pakistan. | |
| 655 | 7 | |a Statutes and codes. |2 lcgft | |
| 700 | 1 | |a Junjua, Zia-ul-Islam. | |
| 988 | |a 20070223 | ||
| 906 | |0 DLC | ||


